000 01561nam a2200301Ia 4500
999 _c40676
_d40676
001 7311
003 GE_BSU
005 20231122161217.0
008 181216s2011||||ge |||||||||||||| ||geo||
020 _a9789941104121
040 _cGE_BSU
041 _ageo
080 _a657(075.8)+657.15(075.8) ბ-95
245 _aბუღალტრული აღრიცხვა :
_bბუღალტრული აღრიცხვის საფუძვლები, ფინანსური აღრიცხვა /
_cა. ხორავა, ნ. კვატაშიძე, ნ. გოგრიჭიანი, ნ. სრესელი ; რედ. რევაზ ძაძამია.
250 _aმეხუთე გადამუშავებული გამოცემა
264 _aთბილისი :
_bმერიდიანი,
_c2011.
300 _a592 გვ. :
_bილ. ;
_c29 სმ.
500 _aდანართები გვ. : 578-591
504 _aბიბლიოგრაფია გვ. : 575-577
541 _h28ლ.
653 _aბუღალტრული აღრიცხვა
700 _aხორავა, ა.
_eავტორი
_914157
700 _aკვატაშიძე, ნ.
_eავტორი
_914156
700 _aგოგრიჭიანი,ნ.
_eავტორი
_920461
700 _aსრესელი, ნ.
_eავტორი
_920462
700 _aძაძამია, რევაზ
_eრედაქტორი
_9885
942 _cBK
_2udc